000 00293nam a2200121Ia 4500
008 190723s9999 xx 000 0 und d
020 _a978-81-219-2300-2
100 _aKhanka S.S
245 0 _aHuman Resource Management
260 _aNew Delhi
_bS.chand
_c2008
300 _a449.:p
942 _cBK
999 _c1832
_d1832